Estadísticas para Diapositivas de formas de países

Haz click aquí para tomar la prueba!

Estadísticas generales

  • Esta prueba ha sido tomada 344 veces
  • La puntuación promedio es 8 de 12

Estadísticas de respuestas

País% Correcto
Malí
86%
Laos
84%
Sudán
77%
Arabia Saudita
76%
Suiza
71%
Omán
66%
Afganistán
65%
Rumania
62%
Corea del Norte
54%
Nigeria
54%
Taiwán
53%
Kuwait
44%

Distribución de puntuación

Porcentaje por número respondido

Porcentaje de gente con cada puntuación

Historial de tus puntuaciones

No has tomado esta prueba